Quizzes
Events
Quiz Creation
Community
Videos
Private Events
Remove Ads
Sign In
Join for FREE
Feedback
Dark Mode
Quiz Categories
Sports
Geography
Music
Movies
Television
Just For Fun
Miscellaneous
History
Literature
Language
Science
Gaming
Entertainment
Religion
Holiday
For Kids
Quiz Lab
Recent
Popular Today
Quiz Kudos Today
Editor Picks
Curator Picks
Quizzes by...
Day
Popularity
Type
Ratings
Length
Year
Community
Subscriptions
Recent Discussions
Orange Saloon
Badges
Playlists
Quests
Create
Leaderboards
Showdown
Live 5
Trivia Bingo
Activity
Puzzle Library
Sporcle Events
Private Events
Virtual Trivia
Globe League
Become a Host
Pub Owners
SporcleCon
Opinionation
Our Games
Videos
Blog
Mobile Apps
Partnerships
Remove Ads and Go Orange
Feedback
Music
Pop Music
The Beatles
Song
Album
Lyrics
Bands
Singers
Artist
Clip
Rock
Rap
Classical
Billboard
Country Music
Kpop
Taylor Swift
Music
Pop Music
The Beatles
Song
Album
Lyrics
Bands
Singers
Artist
Clip
Rock
Rap
Classical
Billboard
Country Music
Kpop
Taylor Swift
Random Quiz
Search Sporcle
×
Quiz Lab
Quiz Lab
Music
snl
Type in answers that appear in a list
Type in answers that appear in a list
Classic
Best Score? Go Orange.
Like A Boss! Stats
Can you name the activities that Andy Samberg performs 'Like a Boss'?
By
CAMeans19
14m
33 Questions
35 Plays
35 Plays
35 Plays
Comments
Comments
Give Quiz Kudos
Give Quiz Kudos
-
- Ratings
hide this ad
More Info
Replay
Link that replays current quiz
Next Quiz
Link to next quiz in quiz playlist
You Got
0%
They Got
Avg Score
54%
Avg Friend Score
Upgrade to see
Score Distribution
Jump to the score distribution portion of the page
Score
0/33
Timer
14:00
0
Plays Today
hint
activities
% Correct
Hit on Deborah
80%
Get rejected
77.1%
Promote synergy
68.6%
Eat a bagel
68.6%
S*** on Deborah's desk
68.6%
Talk to Corporate
65.7%
Swallow sadness
65.7%
Call a sex line
65.7%
Cry deeply
65.7%
Pussy out
60%
Bomb the Russians
60%
Micromanage
57.1%
Send some faxes
57.1%
Suck my own d**k
57.1%
Meet a giant fish
57.1%
Remember birthdays
54.3%
Buy a gun
54.3%
hint
activities
% Correct
Suck a dude's d**k
54.3%
F**k his brains out
54.3%
Approve memos
51.4%
Eat some chicken strips
51.4%
Crash into the sun
51.4%
Puke on Deborah's desk
45.7%
Jump out the window
45.7%
Score some coke
45.7%
Crash my car
45.7%
Black out in the sewer
45.7%
Demand a refund
42.9%
Chop my balls off
42.9%
Lead a workshop
40%
Turn into a jet
40%
Direct workflow
37.1%
Sip some vodka
25.7%
Quiz Playlist
Details
Report
Send in Message
Add To Playlist
More Info:
Can you name the activities that Andy Samberg performs "like a boss" in the song of the same name?
Classic:
Type in answers that appear in a list
Quiz Source
Last Updated: Feb 16, 2017
Quiz Scoreboard
CHALLENGE
Sign Up to Join the Scoreboard
Show All
Scores
Hide
Comments
May contain spoilers
Recently Published
Presidents Visiting Landmarks
by Hejman
History
7m
An Introduction to Baseball
by treessimontrees
Sports
5m
Movies - When Are They Set?
by FPL_Elf
Movies
5m
More to Explore
Quiz From the Vault
Featured Blog Post
Where Did the Easter Bunny Come From?
hide this ad
You Might Also Like...
Tags
snl
Today's Top Quizzes in Music
Browse Music
hide this ad
Today's Top Quizzes in snl
Browse snl
Top Contributed Quizzes in Music
1
Taylor Swift All Songs (2024)
2
Guess the Artist- 70s Songs
3
Taylor Swift Logic Puzzle
4
KPOP LOGIC QUIZ
5
One Thing in Common: Music
6
2010s Album by Cover III
7
7-to-1: Billboard Hot 100 #1 Hits of 2010s
8
Guess the Taylor Swift song (Mystery Song)
9
Sorting Albums and Songs
10
2000s Album Cover Bunker
Explore More
Trending Topics
NBA
Crossword
Harry Potter
Anime
Marvel
Kpop
Disney
Puzzle
Soccer
Song
NFL
Country
WWE
The Office
Pokémon
hide this ad
More By:
CAMeans19
Quiz
Plays
Rating
Category
Featured
Created
ANTM Contestants Cycles 1-14 Surnames
190
1.00
Television
Jun 16, 2013
Like A Boss!
35
Music
Feb 23, 2012
Go to Creator's Profile
Score Distribution
Quiz Creator Spotlight
CAMeans19
Follow
Send a Message
Quizzes Created
-
Created Quiz Play Count
-
More By This Creator
Popular Quizzes Today
1
Find the US States - No Outlines Minefield
2
Find the Countries of Europe - No Outlines Minefield
3
The Countries of the World
4
Find the US States
5
Popular People in 1961
6
US States
7
Risky Map Clicking: Biggest States A-Z
8
1-10 Letter E Words III
More Music Quizzes
Harry Styles Discography
Quiz Lab
Trending Quizzes
Risky Map Clicking: Least Populous States A-Z
1-10 Letter G Words
1-10 Letter F Words
Risky Map Clicking: Next State Alphabetically
Risky Map Clicking: Biggest States A-Z
Recently Updated
Leaping Animals
pecheneg
Reality TV Shows (A-Z)
bhenderson79
Rickey Henderson's Hall of Fame Teammates
pecheneg
Champions League XIs: Arsenal
pecheneg
Quick Pick: Celebrities in WWE's Hall of Fame
aduchscher
A-Z Keypad Blitz II
pecheneg
Multiple Oscar Actors
pecheneg
Mystery Phrase Blitz: Oscar 'Best Actors'
pecheneg
F. Scott Fitzgerald Novels
LTH
Pick 3 Villains
ddd62291
Trending Topics
Anime
Disney
Crossword
Kpop
Marvel
Harry Potter
NBA
NFL
WWE
Soccer
Puzzle
Country
Pokémon
Song
The Office
Your Account Isn't Verified!
In order to create a playlist on Sporcle, you need to verify the email address you used during registration. Go to your
Sporcle Settings
to finish the process.
Report this User
Report this user for behavior that violates our
Community Guidelines
.
Details:
Send Report
Go to the Sporcle.com Mobile Site →
Comments